00333nam a2200109 a 450000100100000000500170001000800410002704000250006824500600009326000430015330000270019600003115520200930062735.0110614s1995 dr a 000 0 spa d aDO-SdBNPbspacBNPHU00aOrientación sobre el VIH y SIDA :bguía práctica. aSanto Domingo :bEditora Gente,c1995. a44 p. :bil. ;c28 cm.